Error and Fraud (Record no. 4582)
[ view plain ]
| 000 -LEADER | |
|---|---|
| fixed length control field | 00432nam a22001577a 4500 |
| 008 - FIXED-LENGTH DATA ELEMENTS--GENERAL INFORMATION | |
| fixed length control field | 260304b |||||||| |||| 00| 0 eng d |
| 020 ## - INTERNATIONAL STANDARD BOOK NUMBER | |
| ISBN | 9780367469931 |
| 100 ## - MAIN ENTRY--AUTHOR | |
| Author | Webb, Geoffrey |
| 245 ## - TITLE STATEMENT | |
| Title | Error and Fraud |
| 260 ## - PUBLICATION, DISTRIBUTION, ETC. (IMPRINT) | |
| Place of publication | Abingdon |
| Name of publisher | CRC Press Taylor and Francis group |
| Date of publication | 2021 |
| 300 ## - COLLATION | |
| Pagination | xxvi, 211p. |
| Other physical details | ill |
| 650 ## - TRACINGS | |
| Main Subject | Medicine- Research and moral ethics aspect |
| 942 ## - ADDED ENTRY ELEMENTS (KOHA) | |
| Item type | Books |
| 050 ## - LIBRARY OF CONGRESS CALL NUMBER | |
| Classification number | R852 |
| Item number | W43 |
| Source of classification or shelving scheme | Not for loan | Permanent location | Current location | Date acquired | Accession No. | Full call number | Barcode. | Copy number | Koha item type |
|---|---|---|---|---|---|---|---|---|---|
| Library of Congress Classification | Samuel Ogbemudia Main Library, University of Abuja | Samuel Ogbemudia Main Library, University of Abuja | 03/04/2026 | 2024/62563 & 4 | R852 .W43 | 2026-0068 | 2 | Books |